| 000 | 00897nam a22002417a 4500 | ||
|---|---|---|---|
| 005 | 20250404161442.0 | ||
| 008 | 090408t xxu||||| |||| 00| 0 hin d | ||
| 010 | _aHIN-97536 HIN-129635 | ||
| 020 |
_c460.00 _a9789380458380 |
||
| 020 | _c695.00 | ||
| 035 | _aHN-69882 HN-101981 | ||
| 037 | _bDBAD / PUB | ||
| 040 |
_aDPL _bHN |
||
| 082 | _a808.883 | ||
| 100 |
_927482 _aमधुरेश |
||
| 245 |
_aआलोचक का आकाश / _cमधुरेश |
||
| 246 |
_aAalochak ka Aakash _bby Madhuresh |
||
| 260 |
_bसामयिक बुक्स _c2012 _aनई दिल्ली |
||
| 260 | _c2022 | ||
| 270 |
_a3320-21,, जटवाड़ा, दरियागंज, एन.एस.मार्ग, _bनई दिल्ली _e110002 |
||
| 300 | 1 |
_a272पृ. _c22सेमी (सजिल्द) |
|
| 942 |
_adpl _cHN _2ddc _mमधुरे _h808.883 |
||
| 999 |
_c71787 _d71787 |
||